000 00442nmm a2200145Ia 4500
008 251105s9999||||xx |||||||||||||||||und||
041 _aspa
100 _aCueto, Alonso
245 0 _aDalia y los perros
264 _a[Madrid, España] :
_bCiudad de Libros,
_c[Fecha de publicación no identificada]
300 _a0 páginas
650 _aLatin American narrative
856 _uhttps://public.digitaliapublishing.com/a/81952
942 _cCF
999 _c104053
_d104053